1210 1850 1935 1564 1130 1190 1493 1221 1121 1121 1004 1182 1250 1261 1237 1508 1067 1264 1724 1695 1195 1904 1970 1601 1700 1566 1117 1646 1957 1148 1513 1641 1013 1583 1733 1592 1162 1616 1619 1223 1939 1022 1537 1423 1575 1688 1227 1669 1233 1978 1529 1893 1064 1824 1725 1001 1836 1720 1692 1867 1715 1356 1884 1182 1276 1081 1730 1496 1483 1478 1365 1873 1504 1575 1736 1464 1997 1393 1845 1997 1737 1925 1053 1261 1739 1745 1218 1306 1209 1919 1323 1396 1202 1199 1365 1166 1274 1568 1512 BCNSPRNW ULIB Ver.6.0+V

เปลี่ยนเป็นภาษาไทย

Change to English
 แสดงรายละเอียดบรรณานุกรม
  กลับหน้าหลัก

Brief Record : Get Marc (ISO 2709) : E-mail record : QR code < ปิดหน้าต่าง
LEADER : 00000nam 2200000uu 4500
001    13399114385
003     ULIB
008    110404s||||||||th 000 0 tha d
020    9786165083164
060 04 WB327^bป652ร
100 0  ปุญญิศา จิตร์มุ่ง
245 00 รู้ทันโรค รักษ์สุขภาพ รักครอบครัว/^cปุญญิศา จิตร์มุ่ง
250    พิมพ์ครั้งที่ 1
260    กรุงเทพฯ :^bแสงดาว,^c2554
300    277 หน้า
650  7 การดูแลสุขภาพด้วยตนเอง
650  7 สุขภาพ
650  7 ครอบครัว
945    ^p220^l0^i031469
945    ^p220^l0^i031470
945    ^p220^l0^i031471
945    ^p220^l0^i031472
945    ^p220^l0^i031473
945    ^p220^l0^i031474
995    ทศพร
999 ^a ใช้งานได้ทุกระบบ
รายการนี้ยังไม่มีแท็ก
คุณยังไม่ได้ล็อกอิน คุณสามารถมีกิจกรรมร่วมกับเว็บไซต์ได้ แต่ต้องล็อกอินก่อน ::
  ล็อกอิน

รายการสื่อสารสนเทศ

ลำดับที่ ประเภท เลขเรียก/บาร์โค้ด สถานที่ สถานะ
1. วิทยาศาสตร์การแพทย์ และสุขภาพ
หนังสือสำรอง
สถานะ=หนังสือสำรอง
WB327 ป652ร ฉ.1 
  Barcode: 031469
ห้องสมุดวิทยาเขตสวรรค์ประชารักษ์
►ส่วนจัดเก็บหนังสือเก่า สปร
บนชั้น
  ขอยืม
2. วิทยาศาสตร์การแพทย์ และสุขภาพ
วิทยาศาสตร์การแพทย์ และสุขภาพ
WB327 ป652ร ฉ.2 
  Barcode: 031470
ห้องสมุดวิทยาเขตสวรรค์ประชารักษ์
►ส่วนจัดเก็บหนังสือเก่า สปร
บนชั้น
  ขอยืม
3. วิทยาศาสตร์การแพทย์ และสุขภาพ
วิทยาศาสตร์การแพทย์ และสุขภาพ
WB327 ป652ร ฉ.3 
  Barcode: 031471
ห้องสมุดวิทยาเขตสวรรค์ประชารักษ์
►ส่วนจัดเก็บหนังสือเก่า สปร
บนชั้น
  ขอยืม
4. วิทยาศาสตร์การแพทย์ และสุขภาพ
วิทยาศาสตร์การแพทย์ และสุขภาพ
WB327 ป652ร ฉ.4 
  Barcode: 031472
ห้องสมุดวิทยาเขตสวรรค์ประชารักษ์
►ส่วนจัดเก็บหนังสือเก่า สปร
บนชั้น
  ขอยืม
5. วิทยาศาสตร์การแพทย์ และสุขภาพ
วิทยาศาสตร์การแพทย์ และสุขภาพ
WB327 ป652ร ฉ.6 
  Barcode: 031474
ห้องสมุดวิทยาเขตสวรรค์ประชารักษ์
►ส่วนจัดเก็บหนังสือเก่า สปร
บนชั้น
  ขอยืม

รายการใกล้เคียง
    ผู้แต่ง [ปุญญิศา จิตร์มุ่ง]

    หัวเรื่อง [การดูแลสุขภาพด้วยตนเอง]
    หัวเรื่อง [สุขภาพ]
    หัวเรื่อง [ครอบครัว]

BibComment


ยังไม่เคยถูกคอมเมนท์

คอมเมนท์ทรัพยากรรายการนี้
  คอมเมนท์: รู้ทันโรค รักษ์สุ..


 Copyright 2026. Bcnsprnw @Library